000 00859nam a2200217 a 4500
001 54753
003 BD-RjUL
005 20211209080150.0
008 161110r19871981bg ||||| |||| 00| 0 ben d
035 _a(BD-RjUL)54875
040 _aBD-RjUL
_bben
_cBD-RjUL
_dBD-RjUL
041 _aben
082 _223
_a954.14
_bMUI 1987
100 _aমোদাব্বের, মোহাম্মদ
_9163250
245 1 0 _aইতিহাস কথা কয় /
_cমোহাম্মদ মোদাব্বের
260 _aঢাকা :
_bইসলামিক ফাউন্ডেশন বাংলাদেশ,
_c১৯৮১ [প্রকাশ১৯৮৭]
300 _a৩৪৩ পৃ. ;
_c২১ সেমি.
651 _aবাংলা (ভারত)
_vইতিহাস
_9163180
651 _aBangal (India)
_vHistory
_9163251
942 _2ddc
_cBK
999 _c54753
_d54753